00671nam a2200241 a 4500001001300000003000900013005001700022008004100039020000800080082001700088100001800105245003500123260003800158300000900196500003500205505001000240650001800250700001800268902000800286942000700294952011300301999001500414nice12345678IN_TiNIC20260116011408.0050524s1960 dela grp 000 0 eng  ac700a305.567bAHM aAhmad, Sayeed aIslam Mein Ghulami Ki Haqeeqat aDelhibNadwatul Musannifeenc1960 a272p aincludes index and biblioraphy2 aindex aSlavery-Islam1 aAhmad, Sayeed bSRS cBK 001040708StackRoom-aHMIbHMId2007-03-27g7.00l0o305.567 AHMp03696r2007-03-27v7.00w2005-05-24yBK c1141d1141